000
00299nam a2200121Ia 4500
008
190216s9999||||xx |||||||||||||| ||und||
100
_a
Kemp William & Arun Bahl
245
0
_a
Experimental Organic Chemistry
260
_b
S Chand & Co
_c
1984
300
_a
144p
650
_a
Chemistry
942
_c
BK
999
_c
2744
_d
2744